000 00493nam a2200205Ia 4500
008 210210b1961 xxu||||| |||| 00| 0 eng d
041 _aeng
082 _a336/58
100 _aCLAPHAM (J H)
245 _aEconomic development of France and Gernany
260 _aCambridge
_bAt the University Press
_c1961
650 _aof
650 _aGernany
650 _aFrance
650 _aEconomic
650 _adevelopment
650 _aand
690 _aEconomic History
906 _a004795
999 _c128320
_d128320